| 000 | 00822nam a2200265 a 4500 | ||
|---|---|---|---|
| 001 | 2381474 | ||
| 005 | 20260408044040.0 | ||
| 008 | 850806s1984 enk b 001 0 eng | ||
| 010 | _a 84231301 | ||
| 035 | _a2381474 | ||
| 040 |
_aDLC _cDLC _dDLC |
||
| 043 | _ae-uk--- | ||
| 082 | _a346.03 WIN | ||
| 100 | 1 | _aWinfield, Percy Henry | |
| 245 | 1 | 0 |
_aWinfield and Jolowicz on tort / _cWinfield and Jolowicz. |
| 250 | _aInternational student ed. | ||
| 260 |
_aLondon : _bSweet & Maxwell, _c1994. |
||
| 300 |
_alxxiv, 794 p. ; _c24 cm. |
||
| 504 | _aIncludes bibliographical references and indexes. | ||
| 650 | 0 |
_aTorts _zGreat Britain. |
|
| 700 | 1 | _aJolowicz, J. A. | |
| 906 |
_a7 _bcbc _corignew _d3 _encip _f19 _gy-gencatlg |
||
| 942 |
_2ddc _cBK |
||
| 999 |
_c12511 _d12511 |
||